000 00334 a2200169 4500
001 166629
020 _a85-08-06116-1
040 _cMagnum
100 _aBetto, Frei
240 1 0 _aO vencedor
_lpor
245 1 0 _aO vencedor
300 _a166
362 0 _a2000
440 1 _aÁtica
697 _aLITERATURA JUVENIL
942 _cBK
999 _c166629
_d166629